[Event "HUN-chT2 Asztalos 0708"]
[Site "Hungary"]
[Date "2007.11.25"]
[Round "3"]
[White "Sulyok, Benedek"]
[Black "Miovecz, Adam"]
[Result "1/2-1/2"]
[WhiteElo "1807"]
[BlackElo "1704"]
[PlyCount "86"]
[EventDate "2007.10.14"]
[EventType "team"]
[EventRounds "11"]
[EventCountry "HUN"]
[SourceTitle "EXT 2009"]
[Source "ChessBase"]
[SourceDate "2008.11.26"]
[SourceVersion "1"]
[SourceVersionDate "2008.11.26"]
[SourceQuality "1"]
[WhiteTeam "Szekszard"]
[BlackTeam "Szenna Pack II"]
[WhiteTeamCountry "HUN"]
[BlackTeamCountry "HUN"]

1. e4 c5 2. Nf3 e6 3. d4 cxd4 4. Nxd4 Nf6 5. Nc3 Bb4 6. e5 Nd5 7. Bd2 Nxc3 8. bxc3 Be7 9. Qg4 g6 10. Bd3 Nc6 11. Qe2 a6 12. 0-0 d5 13. Kh1 Bd7 14. f4 Rc8 15. g4 Bc5 16. Be3 Nxd4 17. cxd4 Be7 18. Qf3 h5 19. g5 Qa5 20. a3 Bb5 21. Qe2 Bxd3 22. cxd3 Kd7 23. Qb2 Rc7 24. Bd2 Qa4 25. Rfc1 Rhc8 26. Rc3 Ke8 27. Rac1 Rxc3 28. Rxc3 Rxc3 29. Qxc3 Kd7 30. Be1 Qc6 31. Qb2 b5 32. Kg2 a5 33. Bd2 Qb6 34. a4 b4 35. Be3 Qc6 36. Qb3 Qc3 37. Qxc3 bxc3 38. Bc1 Bb4 39. Kf3 Kc6 40. Ke2 c2 41. h3 Bc3 42. Ke3 Kb6 43. Ba3 Kc6 1/2-1/2